000 00623nam a22001937a 4500
005 20251108164334.0
008 250721s1995 xx 000 0 ara d
082 1 4 _a922/سام
100 1 _aكريم، سامح
245 1 0 _aأعلام من التاريخ الإسلامي في مصر :
_bأفكار للتجديد و مواقف للحياة /
264 1 _aالقاهرة :
_bالدار المصرية اللبنانية،
_c1995.
300 _a382 ص
650 1 7 _aالتراجم
650 1 7 _aرجال الدين
650 1 7 _aالإسلام
650 1 7 _aتاريخ مصر
942 _2ddc
_cBK
999 _c9729
_d9729